Normal view
MARC view
Entry Topical Term
001 - CONTROL NUMBER
- control field: 11852
003 - CONTROL NUMBER IDENTIFIER
- control field: OSt
005 - DATE AND TIME OF LATEST TRANSACTION
- control field: 20170320151435.0
008 - FIXED-LENGTH DATA ELEMENTS
- fixed length control field: 170320|| aca||aabn | a|a d
040 ## - CATALOGING SOURCE
- Original cataloging agency: OSt
- Transcribing agency: OSt
150 ## - HEADING--TOPICAL TERM
- Topical term or geographic name entry element: Nursing
- General subdivision: examination questions.
670 ## - SOURCE DATA FOUND
- Source citation: Work cat.: (OSt)5690: Timby, Barbara Kuhn. 11850, Lippincott's review for NCLEX-PN /, 1994.
